00737nam a2200241 a 4500001001300000003000900013005001700022008004100039020002300080082001500103100002000118245007200138260004600210300000900256500003500265505001000300650001700310650002200327902000800349942000700357952011600364999001500480nice12345678IN_TiNIC20260116013135.0050524s1988 newa grp 000 0 eng  a0824518 c46000a291.7bMAR aMarty, Martin E aPushing the Faithb Proselytism and Civility in a Pluralistic World aNew YorkbCross Road Publishing Co.c1988 a190p aincludes index and biblioraphy2 anotes aConversation aMissions-Congress bSRS cBK 001040708StackRoom-aHMIbHMId2007-07-24g460.00l0o291.7 MARp015141r2007-07-24v460.00w2005-05-24yBK c9829d9829